000 00279nam a22001337a 4500
008 181015b xxu||||| |||| 00| 0 eng d
020 _a084282202
041 _aeng
080 _a610
100 _a4
101 _aSHM
245 _aAdult Learning
_cLong.H.R
942 _2udc
_cBK
999 _c49645
_d49645